Πόλεις που Ξεκινούν με Α στον Χάρτη - Statistics

General Stats
  • This quiz has been taken 29 times
  • The average score is 11 of 20
Answers on the Map
Answers color-coded by a green-red scale on the quiz's map according to % correct below.
 
Answer Stats
Πόλη % Correct
Αθήνα
96%
Άμστερνταμ
96%
Άγκυρα
92%
Αλγέρι
80%
Αλεξάνδρεια
68%
Ασουνσιόν
68%
Άκκρα
64%
Αμμάν
64%
Ανταναναρίβο
64%
Αντίς Αμπέμπα
60%
Αμπούτζα
56%
Αμπού Ντάμπι
48%
Ασγκαμπάτ
44%
Ατλάντα
44%
Αμπιτζάν
28%
Αλμάτι
24%
Άλεππο
20%
Αχμενταμπάντ
16%
Άγκρα
12%
Ανσάν
12%
No matching quizzes found
Score Distribution
Percent of People with Each Score
Percentile by Number Answered
Your Score History
You have not taken this quiz